International marketing / (Record no. 3871)
| 000 -LEADER | |
|---|---|
| fixed length control field | 00983cam a2200337 a 4500 |
| 001 - CONTROL NUMBER | |
| control field | 17231919 |
| 003 - CONTROL NUMBER IDENTIFIER | |
| control field | OSt |
| 005 - DATE AND TIME OF LATEST TRANSACTION | |
| control field | 20170410111429.0 |
| 008 - FIXED-LENGTH DATA ELEMENTS--GENERAL INFORMATION | |
| fixed length control field | 120329s2011 sa a 001 0 eng |
| 010 ## - LIBRARY OF CONGRESS CONTROL NUMBER | |
| LC control number | 2011410800 |
| 020 ## - INTERNATIONAL STANDARD BOOK NUMBER | |
| International Standard Book Number | 9780470805589 |
| 040 ## - CATALOGING SOURCE | |
| Original cataloging agency | DLC |
| Transcribing agency | DLC |
| 042 ## - AUTHENTICATION CODE | |
| Authentication code | pcc |
| 050 00 - LIBRARY OF CONGRESS CALL NUMBER | |
| Classification number | HF1721.K68 2005 |
| Item number | |
| 100 ## - MAIN ENTRY--PERSONAL NAME | |
| Personal name | Kotabe, Massaki |
| 245 00 - TITLE STATEMENT | |
| Title | International marketing / |
| Statement of responsibility, etc | Massaki Kotabe [et..al] |
| 260 ## - PUBLICATION, DISTRIBUTION, ETC. (IMPRINT) | |
| Place of publication, distribution, etc | Australia |
| Name of publisher, distributor, etc | John Wiley & Sins |
| Date of publication, distribution, etc | 2005 |
| 300 ## - PHYSICAL DESCRIPTION | |
| Extent | xv, 624 p. : |
| Other physical details | ill. ; |
| Dimensions | 24 cm. |
| 504 ## - BIBLIOGRAPHY, ETC. NOTE | |
| Bibliography, etc | Includes bibliographical references and index. |
| 650 #0 - SUBJECT ADDED ENTRY--TOPICAL TERM | |
| Topical term or geographic name as entry element | Commercial treaties. |
| 650 #0 - SUBJECT ADDED ENTRY--TOPICAL TERM | |
| Topical term or geographic name as entry element | Export marketing |
| Geographic subdivision | South Africa. |
| 700 ## - ADDED ENTRY--PERSONAL NAME | |
| Personal name | Peloso, Antony |
| 700 ## - ADDED ENTRY--PERSONAL NAME | |
| Personal name | Gregory, Gary |
| 700 ## - ADDED ENTRY--PERSONAL NAME | |
| Personal name | MacArthur, Wayne |
| 700 ## - ADDED ENTRY--PERSONAL NAME | |
| Personal name | Neal, Cathy |
| 700 ## - ADDED ENTRY--PERSONAL NAME | |
| Personal name | Riege, Andreas |
| 700 ## - ADDED ENTRY--PERSONAL NAME | |
| Personal name | Helsen, Kristiaan |
| 906 ## - LOCAL DATA ELEMENT F, LDF (RLIN) | |
| a | 7 |
| b | cbc |
| c | origres |
| d | 2 |
| e | ncip |
| f | 20 |
| g | y-gencatlg |
| 942 ## - ADDED ENTRY ELEMENTS (KOHA) | |
| Source of classification or shelving scheme | |
| Koha item type | Book |
| Withdrawn status | Lost status | Source of classification or shelving scheme | Damaged status | Not for loan | Home library | Current library | Shelving location | Date acquired | Total Checkouts | Full call number | Barcode | Date last seen | Date checked out | Copy number | Price effective from | Koha item type |
|---|---|---|---|---|---|---|---|---|---|---|---|---|---|---|---|---|
| Riara University Library | Riara University Library | General stack | 10/04/2017 | 1 | HF1721.K68 2005 | 8945/17 | 26/02/2024 | 13/02/2024 | C.1 | 10/04/2017 | Book |
